00833nam a2200265 a 450000100060000000300080000600500170001400800410003102000280007202000280010003500190012804000270014704100080017408200250018210000260020724500840023325000120031726000650032930000340039450400520042865000180048065000180049870000260051683000250054266027BD-RjUL20211209081507.0170313s2010 enka b 001 0 eng  a0198516126 (alk. paper) a0198516134 (alk. paper) a(BD-RjUL)66157 aDLCcDLCdBD-RjULbeng aeng00a577.63223bBRB 20101 aBrönmark, Christer.14aThe biology of lakes and ponds /cChrister Brönmark, and Lars-Anders Hansson. a2nd ed. aOxford :bOxford University Press,c2005. [ reprinted 2010]. axiv, 285 p. :bill. ;c24 cm. aIncludes bibliographical references and index. 0aPond ecology. 0aLake ecology.1 aHansson, Lars-Anders. aBiology of Habitats.